Państwa, przez które przepływa Dunaj - Statystyki

Ogólne statystyki
  • Ten quiz został rozwiązany 19 925 razy
  • Średni wynik to 9 z 10
Statystyki odpowiedzi
Kraj % Poprawnych
Węgry
94%
Austria
93%
Rumunia
92%
Słowacja
90%
Niemcy
88%
Serbia
86%
Bułgaria
83%
Chorwacja
79%
Ukraina
77%
Mołdawia
73%
Nie znaleziono quizów pasujących do podanych kryteriów
Rozkład punktacji
Procent ludzi z każdym wynikiem
Percentyl według liczby udzielonych odpowiedzi
Twoja historia wyników
Nie rozwiązałeś tego quizu